| 000 | 00745nam a22002170 4500 | ||
|---|---|---|---|
| 003 | PILC | ||
| 005 | 20160217133217.0 | ||
| 008 | 001207s2000 ph eng | ||
| 020 | _a9712710025 (pbk.) | ||
| 050 | 0 | 0 |
_aHQ 755.8 _b.M345 2000 |
| 100 | 1 | _aManalac, Ting Pantoja. | |
| 245 | 1 | 0 |
_aParent University's the Pinoy parent : _bpractical lessons for Filipino parents / _cTing Pantoja-Manalac. |
| 260 |
_aPasig City : _bAnvil, _c2000. |
||
| 300 |
_axii, 189 pages : _billustrations ; _c23 cm. |
||
| 500 | _aIncludes bibliographical references and index. | ||
| 650 | 0 |
_aChild rearing _zPhilippines. |
|
| 650 | 0 |
_aParent and child _zPhilippines. |
|
| 650 | 0 |
_aParenting _zPhilippines. |
|
| 740 | 4 | _aThe Pinoy parent. | |
| 942 |
_2lcc _cBK _kFIL |
||
| 999 |
_c291009 _d291009 |
||